000 00578nam a22002177a 4500
003 UA-OsUOA
001 131960
007 ta
008 20180625b un ||||| |||| 00| 0 ukr d
100 _aКримський С.
090 _a32
_bК82
942 _cSA
040 _aUA-OsUOA
_bukr
_cUA-OsUOA
_dUA-OsUOA
245 _aНації виходять з кризи завдяки культурі, релігії, ідеї державності
300 _aС.4-9
955 _a0
041 _aukr
080 _a32
773 0 _w131959
650 7 _a32 Політика
_2UDC
999 _c420408
_d420408